Illustrated pharmacology for nurses / (Record no. 20064)
[ view plain ]
| 000 -LEADER | |
|---|---|
| fixed length control field | 00996cam a22002655a 4500 |
| 001 - CONTROL NUMBER | |
| control field | 013743355 |
| 003 - CONTROL NUMBER IDENTIFIER | |
| control field | OSt |
| 005 - DATE AND TIME OF LATEST TRANSACTION | |
| control field | 20150827105324.0 |
| 008 - FIXED-LENGTH DATA ELEMENTS--GENERAL INFORMATION | |
| fixed length control field | 060223s2006 enka fr 001 0 eng d |
| 020 ## - INTERNATIONAL STANDARD BOOK NUMBER | |
| International Standard Book Number | 9780340809723 (pbk.) |
| 020 ## - INTERNATIONAL STANDARD BOOK NUMBER | |
| International Standard Book Number | 0340809728 (pbk.) |
| 040 ## - CATALOGING SOURCE | |
| Original cataloging agency | NLM |
| Language of cataloging | eng |
| Transcribing agency | NLM |
| Modifying agency | EQF |
| -- | BAKER |
| -- | LVB |
| -- | YDXCP |
| -- | CGC |
| -- | COA |
| -- | Uk |
| -- | EG-ScBUE |
| 082 04 - DEWEY DECIMAL CLASSIFICATION NUMBER | |
| Classification number | 615.102461 |
| Item number | ILL |
| Edition number | 22 |
| 245 00 - TITLE STATEMENT | |
| Title | Illustrated pharmacology for nurses / |
| Statement of responsibility, etc | Terje Simonsen ... [et al.] |
| 260 ## - PUBLICATION, DISTRIBUTION, ETC. (IMPRINT) | |
| Place of publication, distribution, etc | London : |
| Name of publisher, distributor, etc | Hodder Arnold / Hodder Education / Hodder Headline Group, |
| Date of publication, distribution, etc | 2006. |
| 300 ## - PHYSICAL DESCRIPTION | |
| Extent | ix, 470 p. : |
| Other physical details | ill. (col.) ; |
| Dimensions | 28 cm. |
| 500 ## - GENERAL NOTE | |
| General note | Index : p. 447-470. |
| 500 ## - GENERAL NOTE | |
| General note | Originally published in 2 volumes, in Norwegian in 1997, later translated into Danish, published in 1999, then in Swedish, published in 2001. |
| 650 #7 - SUBJECT ADDED ENTRY--TOPICAL TERM | |
| Topical term or geographic name as entry element | Pharmacology. |
| Source of heading or term | BUEsh |
| 9 (RLIN) | 12590 |
| 651 ## - SUBJECT ADDED ENTRY--GEOGRAPHIC NAME | |
| Source of heading or term | BUEsh |
| 653 ## - INDEX TERM--UNCONTROLLED | |
| Resource For college | Pharmacy |
| Arrived date list | June2015 |
| -- | August2015 |
| 655 ## - INDEX TERM--GENRE/FORM | |
| Form subdivision | |
| -- | 34232 |
| 700 1# - ADDED ENTRY--PERSONAL NAME | |
| Personal name | Simonsen, Terje. |
| 942 ## - ADDED ENTRY ELEMENTS (KOHA) | |
| Source of classification or shelving scheme | Dewey Decimal Classification |
| Call number prefix | 615.102461 ILL |
| Withdrawn status | Lost status | Source of classification or shelving scheme | Damaged status | Not for loan | Home library | Current library | Shelving location | Date acquired | Source of acquisition | Cost, normal purchase price | Serial Enumeration / chronology | Total Checkouts | Total Renewals | Full call number | Barcode | Date last seen | Date last borrowed | Cost, replacement price | Koha item type |
|---|---|---|---|---|---|---|---|---|---|---|---|---|---|---|---|---|---|---|---|
| Dewey Decimal Classification | Central Library | Central Library | First floor | 29/06/2015 | 180.00 | 1091 | 2 | 1 | 615.102461 ILL | 000039316 | 15/07/2025 | 27/08/2015 | 225.00 | Book - Borrowing |